Koba el Temible : (Record no. 77567)

MARC details
000 -LEADER
campo de control de longitud fija 00943nam a2200289 i 4500
001 - NÚMERO DE CONTROL
campo de control 77567
003 - IDENTIFICADOR DE NÚMERO DE CONTROL
campo de control ES-MaACL
005 - FECHA Y HORA DE LA ÚLTIMA TRANSACCIÓN
campo de control 20230906173258.0
007 - CAMPO FIJO DE DESCRIPCIÓN FÍSICA--INFORMACIÓN GENERAL
campo de control de longitud fija t|
008 - DATOS DE LONGITUD FIJA--INFORMACIÓN GENERAL
campo de control de longitud fija 041021s2004 sp ||||1| spa d
020 ## - NÚMERO INTERNACIONAL ESTÁNDAR DEL LIBRO
Número Internacional Estándar del Libro 84-339-7037-2
080 ## - NÚMERO DE LA CLASIFICACIÓN DECIMAL UNIVERSAL
Número de la Clasificación Decimal Universal 323.28(47+57)
080 ## - NÚMERO DE LA CLASIFICACIÓN DECIMAL UNIVERSAL
Número de la Clasificación Decimal Universal 94(47+57)"1922/36"
080 ## - NÚMERO DE LA CLASIFICACIÓN DECIMAL UNIVERSAL
Número de la Clasificación Decimal Universal 94(47+57)"1936/53"
100 1# - ENTRADA PRINCIPAL--NOMBRE DE PERSONA
Nombre de persona Amis, Martin.
9 (RLIN) 21261
245 10 - MENCIÓN DEL TÍTULO
Título Koba el Temible :
Resto del título la risa y los veinte millones /
Mención de responsabilidad, etc. Martin Amis ; traducción de Antonio-Prometeo Moya.
260 ## - PUBLICACIÓN, DISTRIBUCIÓN, ETC.
Lugar de publicación, distribución, etc. Barcelona :
Nombre del editor, distribuidor, etc. Anagrama,
Fecha de publicación, distribución, etc. [2004]
300 ## - DESCRIPCIÓN FÍSICA
Extensión 320 p., [8] p. de lám. ;
Dimensiones 22 cm.
490 1# - MENCIÓN DE SERIE
Mención de serie Panorama de narrativas ;
Designación de volumen o secuencia 577
650 14 - PUNTO DE ACCESO ADICIONAL DE MATERIA--TÉRMINO DE MATERIA
Término de materia o nombre geográfico como elemento de entrada Represión política-
Subdivisión geográfica URSS.
9 (RLIN) 174041
651 #4 - PUNTO DE ACCESO ADICIONAL DE MATERIA--NOMBRE GEOGRÁFICO
Nombre geográfico URSS-
Subdivisión general Historia-
Subdivisión cronológica 1922-1936.
9 (RLIN) 9471
651 #4 - PUNTO DE ACCESO ADICIONAL DE MATERIA--NOMBRE GEOGRÁFICO
Nombre geográfico URSS-
Subdivisión general Historia-
Subdivisión cronológica 1925-1953.
9 (RLIN) 9472
700 1# - ENTRADA AGREGADA--NOMBRE PERSONAL
Nombre de persona Moya, Antonio-Prometeo.
9 (RLIN) 83949
830 10 - PUNTO DE ACCESO ADICIONAL DE SERIE-TÍTULO UNIFORME
Título uniforme Panorama de narrativas
Designación de volumen o secuencia 577
9 (RLIN) 123642
852 4# - LOCALIZACIÓN
Ubicación ES-MaACL
Número de control de estantería L-28288
Holdings
Estatus retirado Estado de pérdida Estado de daño No para préstamo Biblioteca de origen Biblioteca actual Ubicación en estantería Fecha de adquisición Fuente de adquisición Total de préstamos Signatura topográfica completa Código de barras Visto por última vez Precio de reemplazo Tipo de ítem Koha
        Biblioteca del Ateneo de Madrid Biblioteca del Ateneo de Madrid Depósito 2 17/01/2008     L-28288 1081154 23/02/2023 23/02/2023 Libro impreso